| 000 | 00862nam a2200229 a 4500 | ||
|---|---|---|---|
| 999 |
_c11302 _d11302 |
||
| 001 | 11302 | ||
| 003 | BD-JhCC | ||
| 005 | 20210316134020.0 | ||
| 008 | 190624s 2015bg a|||| ||a| 000 0 ben d | ||
| 020 | _a9847631875 | ||
| 035 | _a(BD-JhCC)11302 | ||
| 040 |
_aBD-JhCC _dBD-JhCC |
||
| 041 | _aben | ||
| 082 |
_bSHA 2015 _a928 |
||
| 100 | _aশামস, শামসুজ্জামান | ||
| 245 |
_aবিশ্বসেরা ৩০ ক্রিকেটার ও যুগে যুগে বিশ্বকাপ ক্রিকেট / _cশামসুজ্জামান শামস । |
||
| 260 |
_aঢাকা: _bনূর-কাসেম পাবলিশার্স; _c২০১৫. |
||
| 300 |
_a১২৭ পৃ. : _bill; _c২২ সেমি. |
||
| 650 |
_aBiography _vCricketer |
||
| 942 |
_2ddc _cBK _04 |
||